Analogue and hybrid computers /

Bibliographic Details
Main Author: Nenadal, Zdenek
Other Authors: Mirtes, Bohumil
Format: Book
Language:English
Czech
Published: London : Iliffe, 1968.
Subjects:

MARC

Tag First Indicator Second Indicator Subfields
LEADER 00000cam a2200000 4500
001 in00000096949
005 20150925090647.0
008 690529s1968 enka b 00110 eng
010 |a  68022028  
015 |a B69-04418 
035 |a (OCoLC)00001217 
035 |9 AAL2664AM 
037 |c 95/- 
040 |a DLC  |c DLC  |d TXA  |d UtOrBLW 
041 1 |a eng  |a cze 
049 |a TXAM  |c [850758] 
050 0 0 |a TK7888  |b .N413 
082 0 |a 621.3819/57 
100 1 |a Nenadal, Zdenek. 
240 1 0 |a Analogove pocitace. English 
245 1 0 |a Analogue and hybrid computers /  |c [by] Zdenek Nenadal, Bohumil Mirtes: English translation [from the Czech] edited by R. J. M. Grew. 
264 1 |a London :  |b Iliffe,  |c 1968. 
300 |a 614 pages :  |b 377 illustrations ;  |c 21 cm. 
336 |a text  |b txt  |2 rdacontent 
337 |a unmediated  |b n  |2 rdamedia 
338 |a volume  |b nc  |2 rdacarrier 
500 |a Translation of Analogove pocitace. 
504 |a Bibliography: pages 600-603. 
650 0 |a Electronic analog computers. 
650 0 |a Hybrid computers. 
700 1 |a Mirtes, Bohumil. 
999 |a MARS 
999 f f |s ee221be5-ce62-3a87-bf15-d57061c2272d  |i dbbe3a1f-9af6-3c17-90df-78941cba1730  |t 0 
952 f f |p ric  |a Texas A&M University  |b Rellis Campus  |c Joint Library Facility  |d Remote Storage  |t 0  |e TK7888 .N413  |h Library of Congress classification  |i unmediated -- volume  |m A14805511605 
998 f f |a TK7888 .N413  |t 0  |l Remote Storage